000 00330nam a22001337a 4500
008 170717b xxu||||| |||| 00| 0 eng d
020 _a0819602736
041 _aeng
080 _a2
100 _a24
101 _aTEO
245 _aTHE MINOAN-MYCENAEAN RELIGION AND ITS SURVIVAL IN GREEK RELIGION
_cNILSSON,M,P
942 _2udc
_cBK
999 _c21337
_d21337